000 00730nam a2200229Ia 4500
003 GCL
008 140319s9999 xx 000 0 ara d
020 _a3031245977
040 _aGCL /
_cGCL
082 0 4 _aق
_b932.022
_bر ش
100 1 _aروبرتس، س. هـ.
245 1 0 _aشاهد على العصر /
_cروبرتس، س. هـ.
700 1 _aمحمد ابراهيم السعدنى
260 _aالقاهرة :
_bمكتبة نهضة الشرق ،
_c1995
300 _a80 ص ؛
_c24 سم
490 _a
650 0 4 _aالبردى
650 0 4 _aالمخطوطات
650 0 4 _aالاثار اليونانية
650 0 4 _aمصر القديمة - تاريخ - العصر اليونانى
942 _2ddc
_cBK
999 _c36274
_d36274